[Event "DVM U20w 2022"]
[Site "Münster GER"]
[Date "2022.12.27"]
[Round "2"]
[White "Hallfarth, Luise"]
[Black "Peglau, Sarah"]
[Result "0-1"]
[Termination "normal"]
[Board "1.4"]
[WhiteElo "1469"]
[BlackElo "1790"]
[WhiteClock "00:32:01"]
[BlackClock "00:58:26"]
[WhiteTeam "SK Nordhorn-Blanke"]
[BlackTeam "Schachzentrum Seeblick e. V."]
[PlyCount "68"]
[WhiteFideId "16250222"]
[BlackFideId "16219961"]
[EventCountry "GER"]
[EventRounds "7"]
[EventType "team-swiss"]
[EventDate "2022.12.26"]

1. e4 {[%clk 01:30:57]} {[%emt 00:00:02]} d6 {[%clk 01:30:53]} 2. d4 {[%clk
01:29:32]} g6 {[%clk 01:31:12]} 3. Nc3 {[%clk 01:28:00]} a6 {[%clk 01:31:25]}
4. Bg5 {[%clk 01:26:53]} b5 {[%clk 01:30:29]} 5. Be2 {[%clk 01:25:24]} Bb7
{[%clk 01:27:34]} 6. Bf3 {[%clk 01:24:10]} Bg7 {[%clk 01:27:07]} 7. a3 {[%clk
01:22:13]} Nd7 {[%clk 01:27:03]} 8. Bf4 {[%clk 01:18:25]} c5 {[%clk 01:25:07]}
9. e5 {[%clk 01:12:40]} Bxf3 10. Nxf3 {[%clk 01:12:55]} cxd4 11. Qxd4 {[%clk
01:10:42]} Qb8 {[%clk 01:14:38]} 12. Rd1 {[%clk 01:06:38]} Nxe5 13. Bxe5 {[%clk
01:00:45]} dxe5 {[%clk 01:12:47]} 14. Qd7 {[%clk 00:58:18]} Kf8 {[%clk
01:13:15]} 15. Nd5 {[%clk 00:56:39]} Qc8 {[%clk 01:10:29]} {[%emt 00:03:02]}
16. Nc7 {[%clk 00:54:57]} {[%emt 00:02:11]} Qxd7 {[%clk 01:03:05]} {[%emt
00:07:56]} 17. Rxd7 {[%clk 00:55:00]} {[%emt 00:00:26]} Nf6 {[%clk 01:02:48]}
{[%emt 00:00:48]} 18. Nxe5 {[%clk 00:49:45]} {[%emt 00:05:45]} Rc8 {[%clk
01:02:13]} {[%emt 00:01:04]} 19. Nxa6 {[%clk 00:44:10]} {[%emt 00:06:06]} Nxd7
{[%clk 01:02:18]} {[%emt 00:00:25]} 20. Nxd7 {[%clk 00:44:28]} {[%emt
00:00:12]} Ke8 {[%clk 01:02:33]} {[%emt 00:00:14]} 21. Ndc5 {[%clk 00:43:34]}
{[%emt 00:01:24]} Bxb2 {[%clk 01:02:02]} {[%emt 00:01:01]} 22. Kd2 {[%clk
00:40:06]} {[%emt 00:03:57]} Bxa3 {[%clk 01:02:07]} {[%emt 00:00:25]} 23. Nd3
{[%clk 00:39:26]} {[%emt 00:01:10]} Rc6 {[%clk 01:00:27]} {[%emt 00:02:10]} 24.
Nab4 {[%clk 00:38:55]} {[%emt 00:01:01]} Bxb4 {[%clk 01:00:11]} {[%emt
00:00:48]} 25. Nxb4 {[%clk 00:39:16]} {[%emt 00:00:09]} Rd6 {[%clk 01:00:07]}
{[%emt 00:00:33]} 26. Kc3 {[%clk 00:37:51]} {[%emt 00:01:53]} Kd7 {[%clk
01:00:25]} {[%emt 00:00:14]} 27. Ra1 {[%clk 00:37:20]} {[%emt 00:01:00]} Rc8
{[%clk 01:00:48]} {[%emt 00:00:07]} 28. Kb3 {[%clk 00:37:26]} {[%emt 00:00:23]}
Rd2 {[%clk 01:00:37]} {[%emt 00:00:42]} 29. c3 {[%clk 00:35:59]} {[%emt
00:01:55]} Rxf2 {[%clk 01:00:22]} {[%emt 00:00:47]} 30. Rd1 {[%clk 00:35:30]}
{[%emt 00:00:57]} Ke8 {[%clk 01:00:01]} {[%emt 00:00:52]} 31. Rd5 {[%clk
00:35:05]} {[%emt 00:00:54]} Rxg2 {[%clk 00:59:49]} {[%emt 00:00:44]} 32. h4
{[%clk 00:33:55]} {[%emt 00:01:39]} Rh2 {[%clk 00:59:26]} {[%emt 00:00:52]} 33.
Rxb5 {[%clk 00:34:08]} {[%emt 00:00:17]} Rxh4 {[%clk 00:59:39]} {[%emt
00:00:17]} 34. c4 {[%clk 00:32:01]} {[%emt 00:02:37]} Rhxc4 {[%clk 00:58:26]}
{[%emt 00:01:43]} 0-1

[Event "DVM U20w 2022"]
[Site "Münster GER"]
[Date "2022.12.27"]
[Round "2"]
[White "Falke, Ornella"]
[Black "Dietz, Kristin"]
[Result "1/2-1/2"]
[Termination "normal"]
[Board "2.1"]
[WhiteTitle "WCM"]
[WhiteElo "2016"]
[BlackElo "1762"]
[WhiteClock "00:00:57"]
[BlackClock "00:38:35"]
[WhiteTeam "Elmshorner SC von 1896"]
[BlackTeam "USV Halle"]
[PlyCount "67"]
[WhiteFideId "16207092"]
[BlackFideId "12993743"]
[EventCountry "GER"]
[EventRounds "7"]
[EventType "team-swiss"]
[EventDate "2022.12.26"]

1. Nf3 {[%clk 01:30:54]} {[%emt 00:00:08]} c5 {[%clk 01:30:55]} 2. e4 {[%clk
01:31:20]} e6 {[%clk 01:31:19]} 3. d4 {[%clk 01:31:44]} cxd4 4. Nxd4 {[%clk
01:32:09]} a6 {[%clk 01:30:58]} 5. Bd3 {[%clk 01:32:33]} Nf6 {[%clk 01:30:42]}
6. O-O {[%clk 01:32:51]} Qc7 {[%clk 01:31:03]} 7. Qe2 {[%clk 01:33:11]} d6
{[%clk 01:31:02]} 8. c4 {[%clk 01:33:22]} Be7 {[%clk 01:30:46]} 9. Nc3 {[%clk
01:33:30]} O-O {[%clk 01:30:35]} 10. Be3 {[%clk 01:32:52]} Nbd7 {[%clk
01:30:08]} 11. f4 {[%clk 01:32:33]} b6 {[%clk 01:29:16]} 12. Rad1 {[%clk
01:13:32]} Bb7 {[%clk 01:29:31]} 13. Bc1 {[%clk 01:04:01]} Nc5 {[%clk
01:25:16]} 14. Bb1 {[%clk 01:03:45]} Ncd7 {[%clk 01:13:29]} 15. Rf3 {[%clk
01:01:39]} Rac8 {[%clk 01:10:17]} 16. b3 {[%clk 01:01:25]} Rfd8 {[%clk
01:05:14]} {[%emt 00:04:42]} 17. Kh1 {[%clk 01:01:23]} {[%emt 00:00:32]} Nf8
{[%clk 01:05:10]} {[%emt 00:00:34]} 18. Rg3 {[%clk 00:55:48]} {[%emt 00:06:06]}
d5 {[%clk 01:01:09]} {[%emt 00:04:31]} 19. e5 {[%clk 00:44:13]} {[%emt
00:12:05]} dxc4 {[%clk 01:01:07]} {[%emt 00:00:31]} 20. f5 {[%clk 00:28:46]}
{[%emt 00:15:57]} Ne8 {[%clk 00:57:04]} {[%emt 00:04:32]} 21. Bh6 {[%emt
00:13:03]} exf5 {[%clk 00:54:50]} {[%emt 00:02:39]} 22. Bxf5 {[%clk 00:12:57]}
{[%emt 00:03:52]} Rb8 {[%clk 00:49:21]} {[%emt 00:05:59]} 23. bxc4 {[%clk
00:12:29]} {[%emt 00:00:57]} Ng6 {[%clk 00:49:16]} {[%emt 00:00:35]} 24. e6
{[%clk 00:05:50]} {[%emt 00:07:09]} gxh6 {[%clk 00:42:45]} {[%emt 00:07:01]}
25. exf7 {[%clk 00:06:13]} {[%emt 00:00:07]} Kh8 {[%clk 00:43:11]} {[%emt
00:00:04]} 26. fxe8=Q {[%clk 00:06:23]} {[%emt 00:00:21]} Rxe8 {[%clk
00:43:37]} {[%emt 00:00:04]} 27. Ne6 {[%clk 00:05:51]} {[%emt 00:01:01]} Qe5
{[%clk 00:39:44]} {[%emt 00:04:23]} 28. Qxe5 {[%clk 00:03:14]} {[%emt
00:03:07]} Nxe5 {[%clk 00:40:13]} {[%emt 00:00:02]} 29. Rg7 {[%clk 00:03:29]}
{[%emt 00:00:15]} Bb4 {[%clk 00:36:52]} {[%emt 00:03:51]} 30. Rxh7 {[%clk
00:03:51]} {[%emt 00:00:08]} Kg8 {[%clk 00:37:19]} {[%emt 00:00:03]} 31. Rg7
{[%clk 00:03:48]} {[%emt 00:00:32]} Kh8 {[%clk 00:37:43]} {[%emt 00:00:06]} 32.
Rh7 {[%clk 00:03:55]} {[%emt 00:00:22]} Kg8 {[%clk 00:38:10]} {[%emt 00:00:04]}
33. Rg7 {[%clk 00:00:57]} {[%emt 00:03:27]} Kh8 {[%clk 00:38:35]} {[%emt
00:00:02]} 34. Nb1 {[%emt 00:00:30]} 1/2-1/2

[Event "DVM U20w 2022"]
[Site "Münster GER"]
[Date "2022.12.27"]
[Round "2"]
[White "Voigt, Anastasia"]
[Black "Evering, Enna"]
[Result "1/2-1/2"]
[Termination "normal"]
[Board "2.2"]
[WhiteElo "1825"]
[BlackElo "1511"]
[WhiteClock "00:12:18"]
[BlackClock "00:04:17"]
[WhiteTeam "USV Halle"]
[BlackTeam "Elmshorner SC von 1896"]
[PlyCount "140"]
[WhiteFideId "16235223"]
[BlackFideId "16218213"]
[EventCountry "GER"]
[EventRounds "7"]
[EventType "team-swiss"]
[EventDate "2022.12.26"]

1. e4 {[%clk 01:30:57]} e5 {[%clk 01:30:53]} 2. Nf3 {[%clk 01:31:22]} Nc6
{[%clk 01:31:11]} 3. Bc4 {[%clk 01:31:48]} Nf6 {[%clk 01:31:29]} 4. d3 {[%clk
01:32:12]} Be7 {[%clk 01:31:42]} 5. O-O {[%clk 01:32:17]} O-O {[%clk 01:32:01]}
6. a4 {[%clk 01:32:17]} d6 {[%clk 01:28:29]} 7. c3 {[%clk 01:32:21]} Na5 {[%clk
01:17:28]} 8. Ba2 {[%clk 01:32:44]} c5 {[%clk 01:17:09]} 9. Na3 {[%clk
01:32:56]} Nc6 {[%clk 01:16:03]} 10. h3 {[%clk 01:29:31]} d5 {[%clk 01:06:30]}
11. exd5 {[%clk 01:21:55]} Nxd5 {[%clk 01:05:58]} 12. Re1 {[%clk 01:19:54]} Bf6
{[%clk 01:03:35]} 13. Nc4 {[%clk 01:09:47]} Re8 {[%clk 00:48:55]} {[%emt
00:08:30]} 14. Qb3 {[%clk 00:52:05]} {[%emt 00:18:12]} Qc7 {[%clk 00:37:02]}
{[%emt 00:12:23]} 15. Bg5 {[%clk 00:35:09]} {[%emt 00:17:26]} Be6 {[%clk
00:29:10]} {[%emt 00:08:22]} 16. Bxf6 {[%clk 00:33:29]} {[%emt 00:02:10]} Nxf6
{[%clk 00:29:06]} {[%emt 00:00:34]} 17. Qc2 {[%clk 00:32:04]} {[%emt 00:01:53]}
Rad8 {[%clk 00:23:40]} {[%emt 00:05:58]} 18. Nfxe5 {[%clk 00:28:39]} {[%emt
00:03:54]} Nxe5 {[%clk 00:15:45]} {[%emt 00:08:26]} 19. Rxe5 {[%clk 00:28:52]}
{[%emt 00:00:17]} Bxc4 {[%clk 00:12:47]} {[%emt 00:03:28]} 20. Rxe8 {[%clk
00:29:13]} {[%emt 00:00:08]} Rxe8 {[%clk 00:13:05]} {[%emt 00:00:13]} 21. Bxc4
{[%clk 00:29:33]} {[%emt 00:00:09]} Re5 {[%clk 00:12:34]} {[%emt 00:01:02]} 22.
Qd2 {[%clk 00:28:24]} {[%emt 00:01:37]} Qb6 {[%clk 00:10:46]} {[%emt 00:02:20]}
23. a5 {[%clk 00:27:15]} {[%emt 00:01:38]} Qc7 {[%clk 00:10:31]} {[%emt
00:00:46]} 24. a6 {[%clk 00:25:13]} {[%emt 00:02:32]} b6 {[%clk 00:10:38]}
{[%emt 00:00:23]} 25. Re1 {[%clk 00:23:35]} {[%emt 00:02:07]} Rxe1 {[%clk
00:08:43]} {[%emt 00:02:26]} 26. Qxe1 {[%clk 00:23:59]} {[%emt 00:00:05]} Qd7
{[%clk 00:09:00]} {[%emt 00:00:14]} 27. Qe5 {[%clk 00:22:48]} {[%emt 00:01:41]}
h6 {[%clk 00:06:48]} {[%emt 00:02:43]} 28. Qb8 {[%clk 00:22:12]} {[%emt
00:01:05]} Kh7 {[%clk 00:07:01]} {[%emt 00:00:17]} 29. Qb7 {[%clk 00:20:46]}
{[%emt 00:01:55]} Kg8 {[%clk 00:04:55]} {[%emt 00:02:37]} 30. Qxd7 {[%clk
00:19:38]} {[%emt 00:01:37]} Nxd7 {[%clk 00:05:22]} {[%emt 00:00:04]} 31. Kf1
{[%clk 00:20:01]} {[%emt 00:00:07]} Ne5 {[%clk 00:04:52]} {[%emt 00:01:00]} 32.
Bb5 {[%clk 00:20:12]} {[%emt 00:00:18]} Kf8 {[%clk 00:04:36]} {[%emt 00:00:47]}
33. Ke2 {[%clk 00:20:21]} {[%emt 00:00:21]} Ke7 {[%clk 00:05:02]} {[%emt
00:00:04]} 34. Ke3 {[%clk 00:19:59]} {[%emt 00:00:53]} Kd6 {[%clk 00:05:01]}
{[%emt 00:00:30]} 35. Ke4 {[%clk 00:18:58]} {[%emt 00:01:31]} Ng6 {[%clk
00:03:37]} {[%emt 00:01:54]} 36. g3 {[%clk 00:19:04]} {[%emt 00:00:23]} Ne7
{[%clk 00:03:49]} {[%emt 00:00:19]} 37. g4 {[%clk 00:18:07]} {[%emt 00:01:27]}
g6 {[%clk 00:02:50]} {[%emt 00:01:30]} 38. Bc4 {[%clk 00:17:32]} {[%emt
00:01:04]} f6 {[%clk 00:02:39]} {[%emt 00:00:42]} 39. f4 {[%clk 00:16:47]}
{[%emt 00:01:14]} g5 {[%clk 00:01:21]} {[%emt 00:01:48]} 40. fxg5 {[%clk
00:15:58]} {[%emt 00:01:19]} hxg5 {[%clk 00:01:47]} {[%emt 00:00:05]} 41. d4
{[%clk 00:14:00]} {[%emt 00:02:28]} cxd4 {[%clk 00:28:56]} {[%emt 00:03:20]}
42. cxd4 {[%clk 00:43:41]} {[%emt 00:00:49]} Kc7 {[%clk 00:29:03]} {[%emt
00:00:23]} 43. b4 {[%clk 00:42:59]} {[%emt 00:01:11]} Kd6 {[%clk 00:29:19]}
{[%emt 00:00:14]} 44. b5 {[%clk 00:43:13]} {[%emt 00:00:16]} Kc7 {[%clk
00:29:31]} {[%emt 00:00:19]} 45. Kf3 {[%clk 00:41:37]} {[%emt 00:02:06]} Kd6
{[%clk 00:25:51]} {[%emt 00:04:10]} 46. Bf7 {[%clk 00:39:41]} {[%emt 00:02:26]}
Kc7 {[%clk 00:19:46]} {[%emt 00:06:35]} 47. Kg3 {[%clk 00:38:43]} {[%emt
00:01:28]} Nc8 {[%clk 00:19:20]} {[%emt 00:00:56]} 48. Be8 {[%clk 00:36:01]}
{[%emt 00:03:11]} Kd6 {[%clk 00:16:56]} {[%emt 00:02:55]} 49. Bc6 {[%clk
00:34:25]} {[%emt 00:02:05]} Ne7 {[%clk 00:15:08]} {[%emt 00:02:19]} 50. Be4
{[%clk 00:33:02]} {[%emt 00:01:53]} Ke6 {[%clk 00:13:11]} {[%emt 00:02:27]} 51.
h4 {[%clk 00:27:50]} {[%emt 00:05:42]} gxh4 {[%clk 00:13:35]} {[%emt 00:00:07]}
52. Kxh4 {[%clk 00:28:03]} {[%emt 00:00:17]} Kd6 {[%clk 00:11:41]} {[%emt
00:02:23]} 53. g5 {[%clk 00:22:57]} {[%emt 00:05:36]} fxg5 {[%clk 00:11:08]}
{[%emt 00:01:04]} 54. Kxg5 {[%clk 00:23:21]} {[%emt 00:00:05]} Nd5 {[%clk
00:09:44]} {[%emt 00:01:55]} 55. Kf5 {[%clk 00:21:49]} {[%emt 00:02:02]} Nc3
{[%clk 00:07:47]} {[%emt 00:02:27]} 56. Bc6 {[%clk 00:21:33]} {[%emt 00:00:44]}
Nd5 {[%clk 00:07:27]} {[%emt 00:00:51]} 57. Ke4 {[%clk 00:18:49]} {[%emt
00:03:14]} Ne7 {[%clk 00:06:55]} {[%emt 00:01:03]} 58. Bb7 {[%clk 00:18:51]}
{[%emt 00:00:24]} Ng8 {[%clk 00:05:47]} {[%emt 00:01:42]} 59. Kf5 {[%clk
00:18:53]} {[%emt 00:00:27]} Ne7 {[%clk 00:05:37]} {[%emt 00:00:41]} 60. Kf6
{[%clk 00:18:09]} {[%emt 00:01:14]} Ng8 {[%clk 00:05:43]} {[%emt 00:00:24]} 61.
Kf7 {[%clk 00:16:49]} {[%emt 00:01:49]} Nh6 {[%clk 00:05:09]} {[%emt 00:01:05]}
62. Ke8 {[%clk 00:15:52]} {[%emt 00:01:26]} Nf5 {[%clk 00:05:15]} {[%emt
00:00:26]} 63. d5 {[%clk 00:15:30]} {[%emt 00:00:52]} Ne7 {[%clk 00:03:09]}
{[%emt 00:02:36]} 64. Kd8 {[%clk 00:15:38]} {[%emt 00:00:21]} Nxd5 {[%clk
00:03:00]} {[%emt 00:00:40]} 65. Bxd5 {[%clk 00:15:50]} {[%emt 00:00:17]} Kxd5
{[%clk 00:03:28]} {[%emt 00:00:03]} 66. Kc7 {[%clk 00:16:12]} {[%emt 00:00:07]}
Kc5 {[%clk 00:03:18]} {[%emt 00:00:40]} 67. Kb7 {[%clk 00:16:38]} {[%emt
00:00:04]} Kd6 {[%clk 00:03:39]} {[%emt 00:00:09]} 68. Kxa7 {[%clk 00:11:51]}
{[%emt 00:05:16]} Kc7 {[%clk 00:03:53]} {[%emt 00:00:17]} 69. Ka8 {[%clk
00:12:18]} {[%emt 00:00:03]} Kc8 {[%clk 00:04:17]} {[%emt 00:00:06]} 70. a7
{[%emt 00:00:05]} Kc7 {[%emt 00:00:12]} *

[Event "DVM U20w 2022"]
[Site "Münster GER"]
[Date "2022.12.27"]
[Round "2"]
[White "Müdder, Melanie"]
[Black "Basovskiy, Jana"]
[Result "1/2-1/2"]
[Termination "normal"]
[Board "3.1"]
[WhiteElo "1927"]
[BlackElo "1865"]
[WhiteClock "00:33:25"]
[BlackClock "01:09:25"]
[WhiteTeam "Schachgesellschaft Solingen e. V."]
[BlackTeam "Karlsruher SF 1853 1"]
[PlyCount "42"]
[WhiteFideId "12994103"]
[BlackFideId "16208617"]
[EventCountry "GER"]
[EventRounds "7"]
[EventType "team-swiss"]
[EventDate "2022.12.26"]

1. e4 {[%clk 01:30:57]} {[%emt 00:00:08]} c5 {[%clk 01:30:57]} 2. Nf3 {[%clk
01:31:20]} e6 {[%clk 01:31:22]} 3. d4 {[%clk 01:31:24]} cxd4 4. Nxd4 {[%clk
01:31:48]} Nf6 {[%clk 01:32:15]} 5. Nc3 {[%clk 01:31:30]} Nc6 {[%clk 01:32:39]}
6. Ndb5 {[%clk 01:29:09]} Bb4 {[%clk 01:32:53]} 7. a3 Bxc3 8. Nxc3 {[%clk
01:28:48]} d5 {[%clk 01:33:40]} 9. exd5 exd5 {[%clk 01:34:05]} 10. Bd3 {[%clk
01:28:57]} O-O {[%clk 01:34:28]} 11. O-O {[%clk 01:29:18]} Bg4 {[%clk
01:34:45]} 12. f3 {[%clk 01:26:09]} Bh5 {[%clk 01:35:11]} 13. Bg5 {[%clk
01:24:19]} Qb6 {[%clk 01:35:21]} 14. Kh1 Ne4 15. Nxe4 {[%clk 01:24:03]} dxe4
16. Bxe4 {[%clk 01:20:10]} Qxb2 {[%clk 01:35:07]} 17. Re1 {[%clk 01:10:35]} Bg6
{[%clk 01:30:08]} 18. Rb1 {[%clk 00:59:55]} Qd4 {[%clk 01:17:09]} 19. Qxd4
{[%clk 00:48:15]} {[%emt 00:07:08]} Nxd4 {[%clk 01:17:25]} {[%emt 00:00:14]}
20. Rxb7 {[%clk 00:37:06]} {[%emt 00:11:40]} Nxc2 {[%clk 01:09:30]} {[%emt
00:08:24]} 21. Bxc2 {[%clk 00:33:25]} {[%emt 00:04:11]} Bxc2 {[%clk 01:09:25]}
{[%emt 00:00:34]} 1/2-1/2

[Event "DVM U20w 2022"]
[Site "Münster GER"]
[Date "2022.12.27"]
[Round "2"]
[White "Sereda, Yaroslava"]
[Black "Bykov, Ilona"]
[Result "1-0"]
[Termination "normal"]
[Board "3.3"]
[WhiteElo "1885"]
[BlackElo "1452"]
[WhiteClock "00:02:25"]
[BlackClock "00:00:56"]
[WhiteTeam "Schachgesellschaft Solingen e. V."]
[BlackTeam "Karlsruher SF 1853 1"]
[PlyCount "88"]
[WhiteFideId "14178940"]
[BlackFideId "12964433"]
[EventCountry "GER"]
[EventRounds "7"]
[EventType "team-swiss"]
[EventDate "2022.12.26"]

1. e4 {[%clk 01:30:59]} {[%emt 13:36:57]} e5 {[%clk 01:30:55]} {[%emt
00:00:07]} 2. Nf3 {[%clk 01:31:26]} {[%emt 00:00:02]} Nc6 {[%clk 01:31:16]}
{[%emt 00:00:09]} 3. d4 {[%clk 01:31:45]} {[%emt 00:00:10]} exd4 {[%clk
01:31:37]} {[%emt 00:00:09]} 4. Nxd4 {[%clk 01:32:10]} {[%emt 00:00:05]} Qf6
{[%clk 01:31:53]} {[%emt 00:00:14]} 5. Be3 {[%clk 01:31:34]} {[%emt 00:01:06]}
Bc5 {[%clk 01:31:52]} {[%emt 00:00:32]} 6. c3 {[%clk 01:30:44]} {[%emt
00:01:20]} Nge7 {[%clk 01:31:17]} {[%emt 00:01:04]} 7. Bc4 {[%clk 01:28:27]}
{[%emt 00:02:47]} O-O {[%clk 01:22:03]} {[%emt 00:09:44]} 8. Qd2 {[%clk
01:24:40]} {[%emt 00:04:18]} h6 {[%clk 01:16:51]} {[%emt 00:05:42]} 9. O-O
{[%clk 01:22:35]} {[%emt 00:02:35]} Re8 {[%clk 01:09:05]} {[%emt 00:08:16]} 10.
b4 {[%clk 01:16:30]} {[%emt 00:06:36]} Bb6 {[%clk 01:03:13]} {[%emt 00:06:22]}
11. a4 {[%clk 01:07:09]} {[%emt 00:09:51]} Ne5 {[%clk 00:54:21]} {[%emt
00:09:22]} 12. Qe2 {[%clk 01:03:26]} {[%emt 00:04:12]} Nxc4 {[%clk 00:44:16]}
{[%emt 00:10:36]} 13. Qxc4 {[%clk 01:02:15]} {[%emt 00:01:41]} c6 {[%clk
00:43:59]} {[%emt 00:00:46]} 14. a5 {[%clk 01:00:48]} {[%emt 00:01:58]} Bc7
{[%clk 00:41:00]} {[%emt 00:03:29]} 15. Nf3 {[%clk 00:58:06]} {[%emt 00:03:12]}
d5 {[%clk 00:37:09]} {[%emt 00:04:21]} 16. exd5 {[%clk 00:53:54]} {[%emt
00:04:43]} Nxd5 {[%clk 00:36:11]} {[%emt 00:01:28]} 17. Bd4 {[%clk 00:44:47]}
{[%emt 00:09:36]} Qg6 {[%clk 00:30:35]} {[%emt 00:06:05]} 18. Nbd2 {[%emt
00:11:09]} Be6 19. Qc5 Bh3 20. Nh4 Qg4 21. g3 Bxf1 22. Kxf1 Qe2 23. Kg1 Qxd2
24. Nf3 Qd3 25. Kg2 Qb5 26. c4 Qxc5 27. Bxc5 Nf6 28. Bd4 b6 29. axb6 axb6 30.
Rc1 Nd7 31. c5 b5 32. Nh4 g6 33. Rc2 Ne5 34. f4 Nd3 35. Bc3 Ne1 36. Bxe1 Rxe1
37. f5 Rae8 38. fxg6 R8e2 39. Rxe2 Rxe2 40. Kh3 Re4 41. gxf7 Kxf7 42. Nf5
{[%clk 00:34:09]} Kg6 {[%clk 00:16:14]} 43. Nh4 {[%clk 00:02:19]} {[%emt
05:49:49]} Kf7 {[%clk 00:02:32]} 44. Nf5 {[%clk 00:02:25]} Kg6 {[%clk
00:00:56]} 1-0

[Event "DVM U20w 2022"]
[Site "Münster GER"]
[Date "2022.12.27"]
[Round "2"]
[White "Henninger, Claire"]
[Black "Kalina, Lena"]
[Result "1/2-1/2"]
[Termination "normal"]
[Board "4.1"]
[WhiteElo "1534"]
[BlackElo "1842"]
[WhiteClock "00:30:57"]
[BlackClock "00:23:09"]
[WhiteTeam "Karlsruher SF 1853 2"]
[BlackTeam "SC Landskrone"]
[PlyCount "55"]
[WhiteFideId "16200659"]
[BlackFideId "12988014"]
[EventCountry "GER"]
[EventRounds "7"]
[EventType "team-swiss"]
[EventDate "2022.12.26"]

1. e4 {[%clk 01:30:58]} {[%emt 00:00:06]} c5 {[%clk 01:30:56]} 2. Nf3 {[%clk
01:31:25]} Nc6 {[%clk 01:31:21]} 3. d4 {[%clk 01:31:52]} cxd4 {[%clk 01:31:47]}
4. Nxd4 {[%clk 01:32:18]} g6 {[%clk 01:32:11]} 5. c4 {[%clk 01:32:25]} Nf6
{[%clk 01:32:05]} 6. Nc3 {[%clk 01:32:36]} d6 {[%clk 01:32:13]} 7. Be2 {[%clk
01:32:03]} Bg7 {[%clk 01:31:35]} 8. Be3 {[%clk 01:31:25]} O-O {[%clk 01:30:34]}
9. O-O {[%clk 01:31:36]} Bd7 {[%clk 01:29:32]} 10. f3 {[%clk 01:30:56]} a5
{[%clk 01:27:24]} 11. b3 {[%clk 01:24:10]} Nxd4 {[%clk 01:17:11]} 12. Bxd4
{[%clk 01:24:24]} Bc6 {[%clk 01:15:13]} 13. Rc1 {[%clk 01:21:32]} e6 {[%clk
01:09:49]} 14. Be3 {[%clk 01:18:24]} Qd7 {[%clk 01:00:01]} 15. Qc2 {[%clk
01:15:14]} Rfc8 {[%clk 00:54:31]} 16. Rfd1 {[%clk 01:13:39]} {[%emt 00:01:25]}
Qc7 {[%clk 00:49:53]} {[%emt 00:05:08]} 17. Kh1 {[%clk 01:06:46]} {[%emt
00:07:22]} Rab8 {[%clk 00:46:27]} {[%emt 00:03:56]} 18. Bf4 {[%emt 00:03:37]}
Ne8 {[%clk 00:42:18]} {[%emt 00:03:02]} 19. c5 {[%clk 01:02:43]} {[%emt
00:03:04]} e5 {[%clk 00:40:23]} {[%emt 00:02:25]} 20. cxd6 {[%clk 00:59:47]}
{[%emt 00:03:26]} Nxd6 {[%clk 00:39:10]} {[%emt 00:01:43]} 21. Be3 {[%clk
00:54:52]} {[%emt 00:05:24]} Ne8 {[%clk 00:34:38]} {[%emt 00:05:03]} 22. Qb1
{[%clk 00:51:50]} {[%emt 00:03:31]} Qe7 {[%clk 00:32:29]} {[%emt 00:02:39]} 23.
Nd5 {[%clk 00:49:07]} {[%emt 00:03:13]} Bxd5 {[%clk 00:30:38]} {[%emt
00:02:22]} 24. Rxd5 {[%clk 00:48:31]} {[%emt 00:01:07]} Rxc1 {[%clk 00:26:49]}
{[%emt 00:04:19]} 25. Qxc1 {[%clk 00:48:06]} {[%emt 00:00:54]} b6 {[%clk
00:26:49]} {[%emt 00:00:30]} 26. Qd2 {[%clk 00:41:44]} {[%emt 00:06:52]} Nf6
{[%clk 00:23:35]} {[%emt 00:03:45]} 27. Rd6 {[%clk 00:37:50]} {[%emt 00:04:24]}
b5 {[%clk 00:23:09]} {[%emt 00:00:56]} 28. Bc5 {[%clk 00:30:57]} {[%emt
00:07:22]} 1/2-1/2

[Event "DVM U20w 2022"]
[Site "Münster GER"]
[Date "2022.12.27"]
[Round "2"]
[White "Gröschel, Karoline"]
[Black "Shevchenko, Alyona"]
[Result "1-0"]
[Termination "normal"]
[Board "4.2"]
[WhiteElo "1709"]
[BlackElo "1342"]
[WhiteClock "01:17:36"]
[BlackClock "00:40:06"]
[WhiteTeam "SC Landskrone"]
[BlackTeam "Karlsruher SF 1853 2"]
[PlyCount "45"]
[WhiteFideId "34610537"]
[BlackFideId "12983420"]
[EventCountry "GER"]
[EventRounds "7"]
[EventType "team-swiss"]
[EventDate "2022.12.26"]

1. e4 {[%clk 01:30:58]} {[%emt 00:00:01]} c6 {[%clk 01:30:55]} 2. d4 {[%clk
01:31:24]} d5 {[%clk 01:31:23]} 3. Nc3 {[%clk 01:31:51]} dxe4 4. Nxe4 {[%clk
01:32:14]} Nf6 5. Nxf6 {[%clk 01:32:39]} exf6 {[%clk 01:32:38]} 6. c3 {[%clk
01:32:59]} Bd6 {[%clk 01:31:06]} 7. Bd3 {[%clk 01:33:27]} O-O {[%clk 01:29:06]}
8. Qc2 {[%clk 01:33:42]} Re8 {[%clk 01:29:00]} 9. Ne2 {[%clk 01:34:05]} g6
{[%clk 01:28:49]} 10. h4 {[%clk 01:34:30]} Qc7 {[%clk 01:16:59]} 11. h5 {[%clk
01:32:06]} Bg4 {[%clk 01:14:49]} 12. hxg6 {[%clk 01:20:53]} fxg6 {[%clk
01:11:12]} 13. f3 {[%clk 01:20:27]} Bg3 {[%clk 01:06:22]} 14. Kf1 {[%clk
01:18:39]} Be6 {[%clk 01:01:48]} 15. Bxg6 {[%clk 01:16:18]} hxg6 {[%clk
00:41:43]} {[%emt 00:11:07]} 16. Qxg6 {[%clk 01:16:28]} {[%emt 00:00:20]} Qg7
{[%clk 00:41:59]} {[%emt 00:00:14]} 17. Qxe8 {[%clk 01:16:45]} {[%emt
00:00:13]} Qf8 {[%clk 00:41:46]} {[%emt 00:00:43]} 18. Rh8 {[%clk 01:17:05]}
{[%emt 00:00:10]} Kxh8 {[%clk 00:41:14]} {[%emt 00:01:02]} 19. Qxf8 {[%clk
01:17:29]} {[%emt 00:00:05]} Kh7 {[%clk 00:40:05]} {[%emt 00:01:40]} 20. Bh6
{[%clk 01:17:51]} {[%emt 00:00:08]} Kg6 {[%clk 00:40:06]} {[%emt 00:00:29]} 21.
Nxg3 {[%clk 01:17:13]} {[%emt 00:01:07]} Bc4 {[%clk 00:40:01]} {[%emt
00:00:35]} 22. Kf2 {[%clk 01:17:36]} {[%emt 00:00:08]} f5 {[%clk 00:40:06]}
{[%emt 00:00:25]} 23. Qg7# {[%emt 00:00:09]} 1-0